01090 2200241 4500001002100000005001500021035002000036007000300056008004100059020002200100082001000122084001600132100003400148245011700182250000600299260006500305300004900370700002900419700003700448650002900485520031700514990001700831INLIS00000000000067720260505080357 a0010-0523000219ta260505 c 1 ind  a978-602-367-898-3 a741.5 a741.5 CAH s0 aCahaya Shareefa ( Pengarang )1 aSedekah Membawa Berkah :bnext g /cCahaya Shareefa, dkk ; komikus ; Indhai, dkk ; penyunting, Wiwiwt Wijiastuti a- aBandung :bMuffin Granphics ( PT Cerita Anak Bangsa ),c2021 a96 :bilus. ; gambar hitam putih ;c21 cme-0 aIndhai, dkk ( Komikus )0 aWiwiwt Wijiastuti ( penyunting ) 4aKomik - Bacaan anak-anak aBeberapa hari ini, Safira sengaja menyisihkan uang jajan supaya bisa membeli menu burger yang sangat diinginkannya. Namun, ketika melihat seorang nenek yang kebingungan karena kehilangan dompet, Safira memilih memberikan uang tabungannya itu kepada sang nenek. Dan siapa sangka kebaikan hatinya berbuah manis … a00043/K/2022